[Event "Bizkaia ch 1 cat"]
[Site "Zornotza"]
[Date "2006.11.25"]
[Round "6.6"]
[White "Gallastegui Arregui, Aitor"]
[Black "Gutierrez Renedo, Manuel"]
[Result "1/2-1/2"]
[WhiteElo "1961"]
[BlackElo "1886"]
[PlyCount "134"]
[EventDate "2006.10.21"]

1. d4 e6 2. c4 f5 3. Nc3 Nf6 4. Qc2 Bb4 5. Bd2 b6 6. f3 Bb7 7. e3 O-O 8. Bd3 d5
9. Nh3 Bxc3 10. Bxc3 dxc4 11. Bxc4 Nd5 12. Qe2 Qh4+ 13. Nf2 Qg5 14. Bd2 Qe7 15.
O-O a5 16. e4 fxe4 17. fxe4 Nb4 18. Bc3 Ba6 19. Bxa6 N4xa6 20. Qg4 Nd7 21. e5
Nb4 22. Qe4 Nd5 23. Nh3 Nxc3 24. bxc3 Rxf1+ 25. Rxf1 Rf8 26. Nf4 Rf5 27. Qc6
Nf8 28. g3 g5 29. Nh5 Rxf1+ 30. Kxf1 Qf7+ 31. Nf6+ Kg7 32. Kg1 Kg6 33. c4 h6
34. Kg2 h5 35. h3 Nh7 36. Qe4+ Kh6 37. Nxh7 Qxh7 38. Kf3 Qf7+ 39. Ke2 Qd7 40.
h4 Qe7 41. Qe3 Kg6 42. d5 gxh4 43. Qe4+ Kg7 44. gxh4 Kf8 45. Qf4+ Qf7 46. Qh6+
Ke7 47. Qg5+ Kd7 48. Qg2 exd5 49. cxd5 Qe8 50. Qe4 Kc8 51. a4 b5 52. e6 bxa4
53. d6 Qb5+ 54. Kf3 Qb3+ 55. Kf4 cxd6 56. Qc6+ Kb8 57. Qxd6+ Kb7 58. Qd7+ Kb6
59. e7 Qf7+ 60. Kg5 Qg7+ 61. Kxh5 Qe5+ 62. Kg6 Qg3+ 63. Kf7 Qf4+ 64. Kg6 Qe4+
65. Kg5 Qe5+ 66. Kh6 Qf6+ 67. Kh5 Qf7+ 1/2-1/2

[Event "Bizkaia ch 1 cat"]
[Site "Zornotza"]
[Date "2006.11.25"]
[Round "6.7"]
[White "Prieto Aragon, Isidoro"]
[Black "Regillaga Otaño, Jon"]
[Result "1/2-1/2"]
[WhiteElo "841"]
[BlackElo "1779"]
[PlyCount "71"]
[EventDate "2006.10.21"]

1. Nf3 f5 2. g3 Nf6 3. d4 g6 4. Bg2 Bg7 5. c4 d6 6. Nc3 O-O 7. O-O Qe8 8. Bf4
Nh5 9. Be3 Qf7 10. Nd5 Na6 11. Ng5 Qe8 12. Nf4 Nxf4 13. Bxf4 h6 14. Nf3 Kh7 15.
d5 Bxb2 16. Rb1 Bg7 17. h4 Nc5 18. Nd4 a6 19. Re1 e5 20. dxe6 Nxe6 21. Nxe6
Qxe6 22. e4 fxe4 23. Bxe4 Qxc4 24. Rc1 Qf7 25. Bd5 Qd7 26. h5 gxh5 27. Qxh5 Qg4
28. Qxg4 Bxg4 29. Rxc7 Rae8 30. Ree7 Rxe7 31. Rxe7 b5 32. Bxd6 Kh8 33. Ra7 Rd8
34. Ra8 Rxa8 35. Bxa8 Bc8 36. Bd5 1/2-1/2

[Event "Bizkaia ch 1 cat"]
[Site "Zornotza"]
[Date "2006.11.25"]
[Round "6.8"]
[White "Torres Novalbos, David"]
[Black "Cosgaya Garcia, Marcelino"]
[Result "1-0"]
[WhiteElo "1952"]
[BlackElo "683"]
[PlyCount "49"]
[EventDate "2006.10.21"]

1. e4 c5 2. Nf3 Nc6 3. c3 d5 4. exd5 Qxd5 5. d4 Bg4 6. Be2 Nf6 7. O-O e6 8. Be3
cxd4 9. cxd4 Bd6 10. h3 Bh5 11. Nc3 Qa5 12. Qb3 Rb8 13. Nb5 Qd8 14. Bg5 a6 15.
Bxf6 gxf6 16. Nxd6+ Qxd6 17. Rfd1 Bxf3 18. Bxf3 Ke7 19. d5 Ne5 20. dxe6 Nxf3+
21. Qxf3 Qe5 22. Qa3+ Ke8 23. Rd7 Qxe6 24. Rdd1 Qc6 25. Re1+ 1-0

[Event "Bizkaia ch 1 cat"]
[Site "Zornotza"]
[Date "2006.11.25"]
[Round "6.9"]
[White "Mendez Nuñez, Jose Antonio"]
[Black "Quincoces Bouron, Mikel"]
[Result "1-0"]
[WhiteElo "1870"]
[BlackElo "658"]
[PlyCount "59"]
[EventDate "2006.10.21"]

1. e4 e5 2. f4 Nf6 3. fxe5 Nxe4 4. Nf3 Bc5 5. d4 Bb6 6. a3 h6 7. c3 d5 8. exd6
Qxd6 9. Be3 Bd7 10. Qc2 Ng5 11. Nbd2 Nxf3+ 12. gxf3 Bc6 13. O-O-O Nd7 14. Rg1
g5 15. Re1 O-O-O 16. Bc4 Rhf8 17. Qb3 f5 18. Be6 f4 19. Nc4 Qe7 20. Bf2 Qf6 21.
Nxb6+ axb6 22. d5 Kb8 23. dxc6 Ne5 24. Bd4 Nd3+ 25. Kb1 Rxd4 26. cxd4 Qxd4 27.
Rd1 Rd8 28. cxb7 c5 29. Bc4 Kxb7 30. Qxd3 1-0

[Event "Bizkaia ch 1 cat"]
[Site "Zornotza"]
[Date "2006.11.25"]
[Round "6.11"]
[White "Arabiotorre Arbulu, Aitor"]
[Black "Aboitiz Olabarriaga, Beñat"]
[Result "1/2-1/2"]
[WhiteElo "1829"]
[BlackElo "886"]
[PlyCount "49"]
[EventDate "2006.10.21"]

1. d4 Nf6 2. Nc3 e6 3. Bg5 Be7 4. f3 d5 5. e3 Nfd7 6. Bxe7 Qxe7 7. Qd2 c5 8.
Bb5 a6 9. Bxd7+ Nxd7 10. Nge2 O-O 11. dxc5 Nxc5 12. O-O b5 13. a3 Bb7 14. Ng3
Rad8 15. Rad1 e5 16. Qf2 f5 17. f4 e4 18. Nge2 Ne6 19. Nd4 Nxd4 20. Rxd4 Rd7
21. Rfd1 Rfd8 22. Qe1 Qe6 23. Ne2 Qb6 24. b4 Rc8 25. c3 1/2-1/2